NFL Teams That Have Won a Superbowl - Statistics

General Stats
  • This quiz has been taken 458 times
  • The average score is 13 of 20
Answers on the Grid
Answers color-coded by a green-red scale on the quiz's grid according to % correct below.
Vikings
Packers
Lions
Bears
Bucs
Saints
Falcons
Panthers
Rams
49ers
Cardinals
Seahawks
Eagles
Commanders
Cowboys
Giants
Ravens
Steelers
Bengals
Browns
Texans
Jaguars
Colts
Titans
Chiefs
Raiders
Broncos
Chargers
Bills
Dolphins
Patriots
Jets
 
Answer Stats
Answer % Correct
Packers
81%
49ers
75%
Bucs
75%
Eagles
74%
Rams
71%
Chiefs
70%
Saints
69%
Cowboys
68%
Seahawks
66%
Steelers
66%
Ravens
64%
Bears
63%
Giants
63%
Patriots
63%
Broncos
57%
Dolphins
55%
Commanders
53%
Colts
51%
Raiders
51%
Jets
46%
No matching quizzes found
Score Distribution
Percent of People with Each Score
Percentile by Number Answered
Your Score History
You have not taken this quiz